=LDR 00000nam 2200000 4500 =001 INLIS000000000018279 =005 20130612113447 =008 ***********************************Ind** =035 ##$$0010-061300000018279 =041 ##$$a Ind =082 ##$$a 634.11 =090 ##$$a 634.11, Unt j =100 ##$$a Untung, Onny =245 ##$$a Jenis dan budi daya apel, Onny Untung =260 ##$$a 1994 $b Jakarta =300 ##$$a ix, 112 hlm, ilus, 21 cm =650 ##$$a Perkebunan =650 ##$$a Apel =850 ##$$a NBPNMAT